000 01183nam a22003377a 4500
003 CHAP
005 20220329141314.0
008 971010s1976 r 00010 d
010 _a66130
011 _a67102
035 _a76342
040 _cCHAP
082 _a631.42
_bS65
100 0 0 _aSolano Romero, Venancio D.
_9108352
245 _aFertilización del maíz de temporal en el centro-norte de México
260 _aCd. Delicias, Chih. :
_bINIA. Campo Agrícola Experimental General Frías-Satevo,
_c1976
300 _a[c.a. 180 p.]
_b; mapas; gráfs.
590 _aBATCH-UPD
_b10
_c20130110
_lUCH01
_h0303
590 _aBATCH-UPD
_b10
_c20130110
_lUCH01
_h1707
590 _aBATCH-UPD
_b10
_c20130409
_lUCH01
_h2334
590 _aBATCH-UPD
_b10
_c20130914
_lUCH01
_h1401
590 _aCONVERSION
_b10
_c20130109
_lUCH01
_h1336
650 1 4 _aFertilizantes
_xEfecto en maíz.
_940527
650 1 4 _aMaíz
_xChihuahua.
_970898
650 1 4 _aMaíz
_xDurango.
_970928
650 1 4 _aMaíz
_zZacatecas.
_971104
901 _aBK
942 _cLIBRO
949 _a631.42 S65
_bBC
_cLIBRO
_d33724000067070
_eLIBRO
_h66414
_i76342
_si
949 _a631.42 S65
_bZA
_cLIBRO
_d-9370
_eLIBRO
_h5852
_i76342
_si
999 _c66130
_d66130